| 000 | 00698nam2a2200205 4500 | ||
|---|---|---|---|
| 001 | RU\NLR\PER_A\002920047_001210 | ||
| 005 | 20250626130011.0 | ||
| 035 | _a(NLR Aleph) 011772385 | ||
| 090 |
_a11733691 _c11733691 |
||
| 100 | _a20180820d2018 |||y0rusy50 ca | ||
| 101 | 0 | _arus | |
| 102 | _aRU | ||
| 200 | 0 | _a2018, № 5 (66) | |
| 210 |
_d2018 _aБ. м. |
||
| 461 | 0 |
_1001RU\NLR\Per\671475 _12001#$aСтаршая медицинская сестра$v2018, № 5 (66) _93617355 _cМосква _d2010 - _nМедицинский проект _tСтаршая медицинская сестра _v2018, № 5 (66) |
|
| 852 |
_aNLR _jП16/1964 |
||
| 942 | _cISSUE | ||
| 980 | _aNB | ||
| 980 | _aRUSPER | ||